000 00543nam a2200205Ia 4500
003 OSt
005 20250902141003.0
008 221004b |||||||| |||| 00| 0 eng d
037 _cTB
040 _aCRL
_cCRL
_beng
041 _2eng
_aeng
084 _aT.2.N85 M5
_qCRL
100 _aAggarwal J C
245 0 _aNational policy of education
_b A frame work
260 _aDelhi
_bDoaba
_c1985
300 _a104p.
_ccm.
650 _aEDUCATION
942 _hT.2.N85 M5
_cTB
_2cc
_n0
999 _c942240
_d942240